000 00804nam a22002777a 4500
001 BR2010000833
003 BR-BrBNA
005 20230928103154.0
007 ta
008 230509b bl.||||| |||| 00| 0 por d
040 _aBR-BrBNA
_bpor
_cBiblioteca Nacional de Agricultura
041 _a(Por)
072 _aF30
_b1890
090 _ 1890 BR2010000833
100 1 _aMonteiro, A.B.
110 1 _aUniversidade Federal de Lavras, MG (Brasil)
_0Tese (Mestrado)
245 1 _aObtenção de híbridos e análise da heterose em jiló (Solanum gilo Raddi)
260 3 _aLavras, MG (Brasil):
_c2009.
300 _a46 p.
500 _aSummaries (Eng, Por); 25 ref.; 11 tables
650 _aJILÓ
650 _aHÍBRIDO
650 _aHETEROSE
909 _a202309
_bLucia
_c55
_dLucia Elande
942 _cBK
999 _c74006
_d74006